[Event "Rated Blitz game"]
[Site "?"]
[Date "2021.01.16"]
[Round "?"]
[White "FourNinetySix"]
[Black "BigTy"]
[Result "1-0"]
[WhiteElo "2410"]
[BlackElo "2300"]
[PlyCount "71"]
[EventDate "2021.??.??"]
[EventType "blitz"]

1. e4 e5 2. Nf3 d5 3. Nxe5 Bd6 4. d4 dxe4 5. Nc4 Nf6 6. Be2 O-O 7. O-O Nc6 8.
Bg5 Nxd4 9. Nc3 Nxe2+ 10. Qxe2 Re8 11. h3 h6 12. Bh4 Qe7 13. Rad1 g5 14. Nxd6
cxd6 15. Bg3 Rd8 16. Nb5 d5 17. Nc7 Be6 18. Nxa8 Rxa8 19. c3 Nd7 20. f3 f5 21.
fxe4 dxe4 22. Bd6 Qf7 23. b3 Rc8 24. c4 Nf6 25. Qe3 b6 26. Ba3 f4 27. Qd4 e3
28. Rde1 Nh5 29. Rxe3 fxe3 30. Rxf7 Kxf7 31. Qxe3 Nf4 32. Bb2 Rd8 33. Qe5 Rd1+
34. Kh2 Rd2 35. Qc7+ Kg6 36. Qg7+ {Time forfeit} 1-0

[Event "Rated Blitz game"]
[Site "?"]
[Date "2021.01.16"]
[Round "?"]
[White "yaguigor"]
[Black "Jenlen3001"]
[Result "0-1"]
[WhiteElo "2445"]
[BlackElo "2480"]
[PlyCount "98"]
[EventDate "2021.??.??"]
[EventType "blitz"]

1. e4 e5 2. Nf3 d5 3. exd5 e4 4. Qe2 Nf6 5. d3 Qxd5 6. Nbd2 Bf5 7. Nh4 Bb4 8.
Nxf5 Qxf5 9. c3 Be7 10. dxe4 Qe6 11. f3 Nc6 12. Nb3 O-O-O 13. Be3 h5 14. Qc4
Qd7 15. Be2 Ne5 16. Qd4 Qxd4 17. cxd4 Bb4+ 18. Kf2 Nc6 19. d5 Ne5 20. Rac1 Kb8
21. Nc5 h4 22. a3 Ba5 23. b4 Bb6 24. Rhd1 Rhg8 25. Na4 g5 26. Nxb6 axb6 27. a4
Nh5 28. g3 hxg3+ 29. hxg3 Nf6 30. Bd4 Rde8 31. Bd3 g4 32. Bxe5 Rxe5 33. f4 Rxe4
34. Bxe4 Nxe4+ 35. Kg2 f5 36. Rh1 Rd8 37. Rh7 Rxd5 38. Rcxc7 Rd2+ 39. Kg1 Rd1+
40. Kg2 Nd6 41. Rcd7 Rd2+ 42. Kf1 Ka7 43. Ke1 Rd4 44. b5 Kb8 45. Ke2 Kc8 46.
Ke3 Re4+ 47. Kd3 Ne8 48. Rde7 Rxe7 49. Rxe7 Nd6 {Time forfeit} 0-1

[Event "Rated Blitz game"]
[Site "?"]
[Date "2021.01.16"]
[Round "?"]
[White "leondstein"]
[Black "Tayota"]
[Result "0-1"]
[WhiteElo "2402"]
[BlackElo "2354"]
[PlyCount "90"]
[EventDate "2021.??.??"]
[EventType "blitz"]

1. e4 e5 2. Nf3 d5 3. d4 dxe4 4. Nxe5 Bd6 5. Nc4 Nf6 6. Nxd6+ cxd6 7. Be2 h6 8.
O-O O-O 9. c4 Nc6 10. Nc3 Bf5 11. Bf4 d5 12. c5 a5 13. a3 a4 14. Nxa4 Re8 15.
Nb6 Ra7 16. b4 Bg6 17. Be3 Nd7 18. Nxd7 Qxd7 19. Qb3 Kh7 20. a4 f5 21. b5 Na5
22. Qb4 Qe7 23. Rab1 Qf6 24. g3 b6 25. cxb6 Qxb6 26. Rfc1 f4 27. Bxf4 e3 28.
fxe3 Bxb1 29. Qxb1+ Kh8 30. Be5 Nc4 31. Bxc4 dxc4 32. Rxc4 Rxe5 33. dxe5 Qxe3+
34. Kg2 Qe2+ 35. Kg1 Qxc4 36. Qf5 Rxa4 37. Qf8+ Qg8 38. Qf5 Rb4 39. e6 Qc8 40.
Kg2 Qb7+ 41. Kh3 Qxb5 42. Qf8+ Kh7 43. e7 Qh5+ 44. Kg2 Rb2+ 45. Kf1 Qd1# {
Normal} 0-1

[Event "Rated Blitz game"]
[Site "?"]
[Date "2021.01.16"]
[Round "?"]
[White "BigTy"]
[Black "FourNinetySix"]
[Result "0-1"]
[WhiteElo "2304"]
[BlackElo "2406"]
[PlyCount "122"]
[EventDate "2021.??.??"]
[EventType "blitz"]

1. e4 e5 2. Nf3 d5 3. exd5 Bd6 4. d4 e4 5. Ne5 Nf6 6. Bb5+ Nbd7 7. c4 O-O 8.
Nxd7 Bxd7 9. Bxd7 Qxd7 10. O-O Rfe8 11. Nc3 c5 12. h3 Rac8 13. dxc5 Bxc5 14. b3
a6 15. Na4 Ba7 16. Bb2 b5 17. Bxf6 gxf6 18. Nb2 f5 19. a4 bxc4 20. Nxc4 f4 21.
Qg4+ Qxg4 22. hxg4 Rc5 23. d6 Rg5 24. d7 Rd8 25. Rad1 e3 26. fxe3 fxe3 27. Nxe3
Bxe3+ 28. Kh2 Rxg4 29. Rfe1 Re4 30. Kh3 f5 31. Rd5 Re7 32. Red1 Kg7 33. Kg3 f4+
34. Kf3 Kf7 35. b4 Re6 36. b5 axb5 37. axb5 Ke7 38. Rh5 h6 39. g3 Rxd7 40.
Rxd7+ Kxd7 41. gxf4 Bb6 42. f5 Rf6 43. Ke4 Bd8 44. Rh1 Kc7 45. Rd1 Be7 46. Ke5
Rb6 47. Rc1+ Kd7 48. Rd1+ Ke8 49. Rb1 Bf6+ 50. Ke4 Kd7 51. Kd5 Rd6+ 52. Kc5
Bd4+ 53. Kc4 Bb6 54. Rh1 Ke7 55. Re1+ Kf7 56. Re6 Rxe6 57. fxe6+ Kxe6 58. Kd3
Kf5 59. Ke2 Kg4 60. Kf1 Kh3 61. Ke2 Kg2 {Normal} 0-1

[Event "Rated Blitz game"]
[Site "?"]
[Date "2021.01.16"]
[Round "?"]
[White "Shtykov_Maxim"]
[Black "DarthZannah"]
[Result "0-1"]
[WhiteElo "2309"]
[BlackElo "2457"]
[PlyCount "58"]
[EventDate "2021.??.??"]
[EventType "blitz"]

1. e4 e5 2. Nf3 d5 3. d3 dxe4 4. dxe4 Qxd1+ 5. Kxd1 f6 6. Bc4 Bc5 7. Ke2 Ne7 8.
h3 c6 9. a3 b5 10. Ba2 a5 11. Nc3 Ba6 12. Ke1 Nd7 13. Bd2 Nb6 14. Be3 Bxe3 15.
fxe3 b4 16. Ne2 Kd7 17. Kf2 Kc7 18. Rhd1 Na4 19. Be6 Nc5 20. Ba2 Nxe4+ 21. Ke1
bxa3 22. bxa3 Bxe2 23. Kxe2 Nc3+ 24. Kf2 Nxd1+ 25. Rxd1 Rhd8 26. Rc1 Rab8 27.
Bb3 Nd5 28. Nd2 a4 29. Bxa4 Nc3 {Normal} 0-1

[Event "Rated Blitz tournament xx94DdM7"]
[Site "?"]
[Date "2021.01.16"]
[Round "?"]
[White "surefinewhatever"]
[Black "Jlgg50972"]
[Result "1-0"]
[WhiteElo "2287"]
[BlackElo "2412"]
[PlyCount "137"]
[EventDate "2021.??.??"]
[EventType "blitz"]

1. e4 e5 2. Nf3 d5 3. exd5 e4 4. Qe2 Be7 5. Qxe4 Nf6 6. Qa4+ c6 7. dxc6 O-O 8.
Be2 Nxc6 9. O-O Bd7 10. c3 Re8 11. Qd1 Bd6 12. d4 h6 13. Nbd2 Bf5 14. Re1 Nd5
15. Nf1 Qc7 16. Ng3 Bg6 17. Bd2 Rad8 18. Bf1 h5 19. Nh4 Nce7 20. Nxg6 fxg6 21.
Qf3 Rf8 22. Qe4 Nf6 23. Qe6+ Kh7 24. Bf4 Ned5 25. Bxd6 Rxd6 26. Qe5 Re8 27. Qg5
Rde6 28. Rxe6 Rxe6 29. Bd3 Nf4 30. Bc2 Kg8 31. Bxg6 Nxg6 32. Qxg6 Qe7 33. Rf1
Re1 34. Qd3 h4 35. Rxe1 Qxe1+ 36. Nf1 h3 37. Qxh3 Qb1 38. Qc8+ Kh7 39. Qxb7 Ng4
40. Qf3 Nf6 41. Qe2 Qxa2 42. Qc2+ Kg8 43. g3 a5 44. Ne3 a4 45. Kg2 a3 46. bxa3
Qxa3 47. c4 Qa8+ 48. d5 Qe8 49. c5 Qd8 50. Qc4 Kh7 51. c6 Qd6 52. c7 Nxd5 53.
c8=Q Nxe3+ 54. fxe3 Qf6 55. Qe4+ g6 56. Qd7+ Kh6 57. Qh3+ Kg7 58. Qhg4 Kh6 59.
Qgf4+ Kg7 60. Qxf6+ Kxf6 61. Qf4+ Kg7 62. h4 Kh7 63. Qg5 Kg7 64. h5 Kf7 65.
Qxg6+ Ke7 66. h6 Kd7 67. h7 Ke7 68. h8=Q Kd7 69. Qhh7+ {Normal} 1-0

[Event "Rated Blitz game"]
[Site "?"]
[Date "2021.01.16"]
[Round "?"]
[White "gmhungaski"]
[Black "Fantastic_power06"]
[Result "0-1"]
[WhiteElo "2553"]
[BlackElo "2618"]
[PlyCount "136"]
[EventDate "2021.??.??"]
[EventType "blitz"]

1. e4 e5 2. Nf3 d5 3. Nxe5 Bd6 4. d4 dxe4 5. Nc4 Nc6 6. Nc3 Bb4 7. d5 Nce7 8.
Ne3 Nf6 9. Bc4 O-O 10. Bd2 a6 11. Nxe4 Bxd2+ 12. Nxd2 Nexd5 13. Nxd5 Nxd5 14.
O-O Nb6 15. Bd3 Be6 16. Qh5 g6 17. Qh6 Qd4 18. b3 Nd5 19. Ne4 Qg7 20. Qxg7+
Kxg7 21. Nc5 Bc8 22. Be4 c6 23. Bxd5 cxd5 24. Na4 Bf5 25. Nb6 Rad8 26. c3 Rd6
27. Na4 Rc8 28. Rac1 b5 29. Nb2 Rdc6 30. Rcd1 Rxc3 31. Rxd5 Rc2 32. Nd3 Rxa2
33. Nc5 a5 34. h3 Rc2 35. Nb7 Be4 36. Rd7 Bc6 37. Re7 a4 38. bxa4 bxa4 39. Nd6
Rf8 40. Ra7 Rd2 41. Nc4 Rdd8 42. Re1 Ra8 43. Ree7 Rxa7 44. Rxa7 Ra8 45. Rc7 Ra6
46. Na3 Rb6 47. h4 Bd5 48. Ra7 Bb3 49. f3 Rd6 50. Kf2 Rd1 51. g4 Ra1 52. Nb5
Bc4 53. Nd6 Ra2+ 54. Kg3 Bd5 55. g5 Kf8 56. Rc7 Ra3 57. Kf4 f6 58. gxf6 Be6 59.
Ke5 Re3+ 60. Kd4 Rxf3 61. Re7 Rf4+ 62. Ke5 Rxf6 63. Re8+ Kg7 64. Re7+ Kh6 65.
Re8 Rf5+ 66. Kxe6 Rf6+ 67. Kxf6 Kh5 68. Nf7 h6 {Time forfeit} 0-1

[Event "Rated Blitz game"]
[Site "?"]
[Date "2021.01.16"]
[Round "?"]
[White "Berovski"]
[Black "DarthZannah"]
[Result "0-1"]
[WhiteElo "2431"]
[BlackElo "2453"]
[PlyCount "32"]
[EventDate "2021.??.??"]
[EventType "blitz"]

1. e4 e5 2. Nf3 d5 3. Nxe5 dxe4 4. Bc4 Qg5 5. Nxf7 Qxg2 6. Rf1 Bg4 7. Be2 Bxe2
8. Qxe2 Kxf7 9. Qc4+ Ke8 10. Qxc7 Nd7 11. Qxb7 Rb8 12. Qxa7 Bc5 13. Qa6 Ngf6
14. Qe6+ Kd8 15. Nc3 Re8 16. Qf7 Ne5 {Normal} 0-1

[Event "Rated Blitz game"]
[Site "?"]
[Date "2021.01.16"]
[Round "?"]
[White "Alekhine_Style"]
[Black "Yatatu408Empire"]
[Result "0-1"]
[WhiteElo "2397"]
[BlackElo "2437"]
[PlyCount "32"]
[EventDate "2021.??.??"]
[EventType "blitz"]

1. e4 e5 2. Nf3 d5 3. exd5 e4 4. Qe2 Be7 5. Qxe4 Nf6 6. Qa4+ c6 7. dxc6 O-O 8.
cxb7 Bxb7 9. Be2 Nbd7 10. O-O Nc5 11. Qd4 Qc7 12. b4 Rad8 13. Qc3 Nfe4 14. Qe5
Bd6 15. Qh5 Ne6 16. Nc3 Nf4 {Normal} 0-1

[Event "Rated Blitz game"]
[Site "?"]
[Date "2021.01.16"]
[Round "?"]
[White "gmhungaski"]
[Black "Fantastic_power06"]
[Result "1-0"]
[WhiteElo "2555"]
[BlackElo "2616"]
[PlyCount "99"]
[EventDate "2021.??.??"]
[EventType "blitz"]

1. e4 e5 2. Nf3 d5 3. Nxe5 Bd6 4. d4 dxe4 5. Nc4 Nc6 6. c3 Nf6 7. Bg5 h6 8. Bh4
g5 9. Nxd6+ cxd6 10. Bg3 Bg4 11. Qb3 Qd7 12. h3 Be6 13. Qd1 e3 14. fxe3 Ne4 15.
Bh2 Qd8 16. Bd3 d5 17. Nd2 Qb6 18. Qb3 Nxd2 19. Kxd2 O-O 20. h4 g4 21. h5 Na5
22. Qxb6 axb6 23. Bf4 Kg7 24. b3 Ra7 25. Kc2 Rfa8 26. Kb2 Nc6 27. a4 Rc8 28.
Rac1 Ne7 29. Rhf1 f6 30. Bd6 Ng8 31. Rc2 Rc6 32. Bb4 f5 33. Bb5 Rc8 34. Bd6 Nf6
35. Be5 Kf7 36. Bd3 Ne4 37. Bxe4 dxe4 38. c4 Bd7 39. d5 Ke7 40. Bg7 Kf7 41.
Bxh6 Rh8 42. Bf4 Rxh5 43. Bc7 Ra6 44. Rcc1 Kg6 45. Rh1 Ra8 46. Rxh5 Kxh5 47.
Rh1+ Kg6 48. Bf4 Kf7 49. Rh7+ Ke8 50. Rh8+ {Normal} 1-0

[Event "Rated Blitz game"]
[Site "?"]
[Date "2021.01.16"]
[Round "?"]
[White "ShMat"]
[Black "vovaches"]
[Result "0-1"]
[WhiteElo "2616"]
[BlackElo "2544"]
[PlyCount "124"]
[EventDate "2021.??.??"]
[EventType "blitz"]

1. e4 e5 2. Nf3 d5 3. exd5 e4 4. Qe2 Nf6 5. Nc3 Be7 6. Nxe4 O-O 7. d3 Qxd5 8.
Bd2 Nc6 9. c4 Qd8 10. Bc3 Bg4 11. h3 Bh5 12. g4 Bg6 13. O-O-O Re8 14. Qc2 Nb4
15. Nxf6+ gxf6 16. Bxb4 Bxb4 17. Nh4 Qd4 18. Nxg6 hxg6 19. Bg2 a5 20. a4 Re7
21. Be4 Rae8 22. h4 f5 23. gxf5 gxf5 24. Bf3 Re6 25. Kb1 Rb6 26. Ka2 Rbe6 27.
h5 Qf4 28. Rh3 Bc5 29. Qd2 Qxd2 30. Rxd2 Bd4 31. Rg3+ Kh7 32. Rg5 Rf6 33. Bxb7
Rb8 34. Bd5 Rfb6 35. Rxf5 Rxb2+ 36. Rxb2 Rxb2+ 37. Ka3 Rd2 38. Rxf7+ Kh6 39.
Rxc7 Rxd3+ 40. Ka2 Rd2+ 41. Kb1 Rb2+ 42. Kc1 Rxf2 43. Be4 Be5 44. Rh7+ Kg5 45.
Rd7 Re2 46. Bd5 Bf4+ 47. Kd1 Rf2 48. h6 Kxh6 49. c5 Rd2+ 50. Ke1 Rd4 51. c6
Bd2+ 52. Ke2 Bf4 53. Kf3 Be5 54. Be4 Rc4 55. Rd5 Rc3+ 56. Rd3 Kg5 57. Rxc3 Bxc3
58. c7 Be5 59. c8=Q Kf6 60. Qb7 Bd6 61. Qc6 Ke6 62. Qb5 Ke7 {Time forfeit} 0-1

[Event "Rated Blitz game"]
[Site "?"]
[Date "2021.01.16"]
[Round "?"]
[White "kintoho"]
[Black "Mettigel"]
[Result "1-0"]
[WhiteElo "2495"]
[BlackElo "2443"]
[PlyCount "83"]
[EventDate "2021.??.??"]
[EventType "blitz"]

1. e4 e5 2. Nf3 d5 3. d4 exd4 4. Qxd4 dxe4 5. Qxd8+ Kxd8 6. Ng5 Ke8 7. Bc4 Nh6
8. Nxe4 Nf5 9. O-O Nd6 10. Nxd6+ Bxd6 11. Re1+ Kf8 12. Nc3 Bf5 13. Nb5 Nc6 14.
Nxd6 cxd6 15. Bf4 Rd8 16. c3 h6 17. Rad1 Kg8 18. Rxd6 Rxd6 19. Bxd6 Bg6 20.
Re8+ Kh7 21. Rxh8+ Kxh8 22. f4 Kg8 23. g4 Be4 24. Kf2 a6 25. b4 g6 26. Ke3 Bg2
27. a4 Kg7 28. h4 f5 29. g5 hxg5 30. fxg5 Be4 31. Kf4 Bc2 32. a5 Be4 33. Be6
Nd8 34. Bc8 Nf7 35. Be7 Bd5 36. Ke3 Bg2 37. Kd4 f4 38. c4 Bc6 39. Bg4 Bg2 40.
Be6 Bc6 41. Bd5 f3 42. Ke3 {Normal} 1-0

[Event "Rated Blitz game"]
[Site "?"]
[Date "2021.01.16"]
[Round "?"]
[White "testviking"]
[Black "Fantastic_power06"]
[Result "1-0"]
[WhiteElo "2570"]
[BlackElo "2571"]
[PlyCount "59"]
[EventDate "2021.??.??"]
[EventType "blitz"]

1. e4 e5 2. Nf3 d5 3. d4 dxe4 4. Nxe5 Bd6 5. Nc4 Nc6 6. Nc3 Bb4 7. a3 Bxc3+ 8.
bxc3 Nf6 9. Bg5 Qd5 10. Bxf6 gxf6 11. Ne3 Qg5 12. h4 Qg6 13. Nd5 Bg4 14. Qxg4
Qxg4 15. Nxf6+ Ke7 16. Nxg4 f5 17. Ne3 Raf8 18. Rb1 f4 19. Ng4 b6 20. Bb5 Na5
21. f3 e3 22. Ke2 Rhg8 23. Rh2 Rg7 24. h5 Rg5 25. Bd3 Rf7 26. h6 Nc6 27. Be4
Na5 28. Ne5 Rf6 29. Bxh7 Nc4 30. Nxc4 {Normal} 1-0

[Event "Rated Blitz game"]
[Site "?"]
[Date "2021.01.15"]
[Round "?"]
[White "Sir_Lancelot1988"]
[Black "ahoramahora"]
[Result "1-0"]
[WhiteElo "2423"]
[BlackElo "2249"]
[PlyCount "79"]
[EventDate "2021.??.??"]
[EventType "blitz"]

1. e4 e5 2. Nf3 d5 3. d4 dxe4 4. Nxe5 Nd7 5. Bf4 Nxe5 6. Bxe5 Nf6 7. Bc4 Bd6 8.
Bg3 O-O 9. c3 Bf5 10. Nd2 c5 11. Nf1 cxd4 12. Qxd4 Bxg3 13. hxg3 Qxd4 14. cxd4
Rac8 15. Ne3 Bg6 16. O-O Rfd8 17. Rfd1 a6 18. a4 Bh5 19. Rd2 Ng4 20. b3 Ne5 21.
a5 Bg6 22. Rad1 Nd3 23. d5 Nc5 24. Rd4 Rd6 25. g4 Rcd8 26. Kh2 h6 27. Kg3 Kf8
28. f4 exf3 29. gxf3 f6 30. Ng2 Bc2 31. b4 Nb3 32. Bxb3 Bxb3 33. R1d3 Rxd5 34.
Rxd5 Bxd5 35. Nf4 Rc8 36. Rxd5 Rc4 37. b5 Ra4 38. bxa6 bxa6 39. Ne6+ Kf7 40.
Nc7 {Normal} 1-0

[Event "Rated Blitz game"]
[Site "?"]
[Date "2021.01.15"]
[Round "?"]
[White "AlexDROable"]
[Black "Mettigel"]
[Result "1-0"]
[WhiteElo "2336"]
[BlackElo "2452"]
[PlyCount "113"]
[EventDate "2021.??.??"]
[EventType "blitz"]

1. e4 e5 2. Nf3 d5 3. Nxe5 Bd6 4. d4 dxe4 5. Nc4 Nf6 6. Nxd6+ Qxd6 7. Be2 O-O
8. O-O Nc6 9. c3 Bf5 10. Bg5 Nd5 11. Na3 Qg6 12. Bh4 Rae8 13. Nc4 e3 14. Nxe3
Nxe3 15. fxe3 Rxe3 16. Bf3 Rfe8 17. Bg3 Bd3 18. Re1 Rxe1+ 19. Bxe1 Be4 20. Bg3
Re7 21. b3 h6 22. d5 Ne5 23. Bxe4 Qxe4 24. c4 Ng4 25. h3 Ne3 26. Qf3 Qxf3 27.
gxf3 Nf5 28. Bh2 c6 29. d6 Rd7 30. Rd1 b6 31. b4 c5 32. bxc5 bxc5 33. Rd5 Nd4
34. Kf2 Ne6 35. Rd3 f5 36. Rb3 f4 37. Rd3 Kf7 38. Ke2 g5 39. Bg1 Kf6 40. Rd5 a6
41. a4 Kg6 42. a5 Kf6 43. Bxc5 Nxc5 44. Rxc5 Rxd6 45. Rc7 Kg6 46. Rb7 Kh5 47.
Rb6 Rd4 48. c5 Rc4 49. c6 Kh4 50. Rxa6 Kxh3 51. Rb6 Kg2 52. a6 Ra4 53. c7 Ra2+
54. Kd3 Ra3+ 55. Ke4 Ra4+ 56. Kf5 Kxf3 57. c8=Q {Normal} 1-0

[Event "Rated Blitz game"]
[Site "?"]
[Date "2021.01.15"]
[Round "?"]
[White "Tayota"]
[Black "malcriado007"]
[Result "0-1"]
[WhiteElo "2352"]
[BlackElo "2422"]
[PlyCount "76"]
[EventDate "2021.??.??"]
[EventType "blitz"]

1. e4 e5 2. Nf3 d5 3. d4 dxe4 4. Nxe5 Bd6 5. Nc4 Nf6 6. Be2 Bf5 7. Nxd6+ Qxd6
8. c4 Nbd7 9. Nc3 O-O 10. Be3 c6 11. O-O Rfe8 12. h3 h6 13. Qb3 b6 14. Rad1 Bh7
15. c5 Qc7 16. Rc1 bxc5 17. dxc5 Rab8 18. Qc2 Qa5 19. a3 Ne5 20. Rfd1 Nd3 21.
Ra1 Rxb2 22. Bxd3 Rxc2 23. Bxc2 Qxc3 24. Rdc1 Qe5 25. Ba4 Rc8 26. Rab1 Bf5 27.
Rb7 Nd5 28. Bb3 Be6 29. Bxd5 Bxd5 30. Rxa7 Qb2 31. a4 f5 32. g3 g5 33. Re1 Qe5
34. a5 f4 35. gxf4 gxf4 36. Bd2 e3 37. fxe3 Qg5+ 38. Kf1 Qg2# {Normal} 0-1

[Event "Rated Blitz game"]
[Site "?"]
[Date "2021.01.15"]
[Round "?"]
[White "dubic"]
[Black "DarthZannah"]
[Result "0-1"]
[WhiteElo "2376"]
[BlackElo "2437"]
[PlyCount "70"]
[EventDate "2021.??.??"]
[EventType "blitz"]

1. e4 e5 2. Nf3 d5 3. d4 dxe4 4. Nxe5 Nd7 5. Nc4 Nb6 6. Nc3 f5 7. Bf4 Nf6 8.
Qd2 Nbd5 9. Nxd5 Nxd5 10. Be5 Be6 11. Be2 Qd7 12. O-O Be7 13. Ne3 O-O 14. c4
Nf6 15. Rad1 Bf7 16. d5 Bg6 17. b4 Ne8 18. Bf4 Bd6 19. Bxd6 Nxd6 20. c5 Nf7 21.
Nc4 Rae8 22. d6 Ne5 23. Nxe5 Rxe5 24. Bc4+ Bf7 25. Bxf7+ Qxf7 26. Qd4 Re6 27.
Rfe1 cxd6 28. cxd6 Rd8 29. Qxa7 h6 30. Qc5 g6 31. Rd5 f4 32. Qd4 e3 33. fxe3
fxe3 34. Rxe3 Rxe3 35. Qxe3 Qxd5 {Normal} 0-1

[Event "Rated Blitz tournament OaxTCNVI"]
[Site "?"]
[Date "2021.01.15"]
[Round "?"]
[White "AnishGirifanclub"]
[Black "YT_BKD"]
[Result "0-1"]
[WhiteElo "2202"]
[BlackElo "2430"]
[PlyCount "48"]
[EventDate "2021.??.??"]
[EventType "blitz"]

1. e4 e5 2. Nf3 d5 3. exd5 e4 4. Ne5 Qxd5 5. d4 exd3 6. Nxd3 Nf6 7. Nc3 Qa5 8.
Be2 Be6 9. O-O Nc6 10. Bf4 O-O-O 11. Bf3 g5 12. Bxc6 gxf4 13. Bf3 Rg8 14. Qe2
Bd6 15. a3 Rg6 16. b4 Qg5 17. Ne4 Nxe4 18. Qxe4 c6 19. c4 Rdg8 20. Kh1 Bf5 21.
Qd4 Rh6 22. Bxc6 Rxh2+ 23. Kxh2 f3+ 24. g3 Bxg3+ {Normal} 0-1

[Event "Rated Blitz game"]
[Site "?"]
[Date "2021.01.15"]
[Round "?"]
[White "ArkadijNaiditsch"]
[Black "alp1no"]
[Result "0-1"]
[WhiteElo "2778"]
[BlackElo "2659"]
[PlyCount "62"]
[EventDate "2021.??.??"]
[EventType "blitz"]

1. e4 e5 2. Nf3 d5 3. Nxe5 Bd6 4. d4 dxe4 5. Nc3 Nf6 6. Bg5 O-O 7. Be2 Bf5 8.
g4 Be6 9. Bxf6 Qxf6 10. Nxe4 Qf4 11. Nxd6 cxd6 12. Nc4 Bxc4 13. Bxc4 Qe4+ 14.
Kd2 d5 15. Bd3 Qxd4 16. Qf3 Nc6 17. c3 Qb6 18. Rab1 Rfe8 19. Rhe1 d4 20. Qf5 g6
21. Qb5 dxc3+ 22. bxc3 Qxf2+ 23. Re2 Rxe2+ 24. Bxe2 Rd8+ 25. Kc2 Re8 26. Kd2
Qe3+ 27. Kd1 Qxc3 28. Rb3 Rd8+ 29. Bd3 Qa1+ 30. Kc2 Nd4+ 31. Kd2 Nxb5 {Normal}
0-1

[Event "Rated Blitz game"]
[Site "?"]
[Date "2021.01.15"]
[Round "?"]
[White "Naruto_69"]
[Black "Schachelite"]
[Result "0-1"]
[WhiteElo "2437"]
[BlackElo "2362"]
[PlyCount "142"]
[EventDate "2021.??.??"]
[EventType "blitz"]

1. e4 e5 2. Nf3 d5 3. d4 dxe4 4. Nxe5 Bd6 5. Nc4 Nf6 6. Be2 O-O 7. Bg5 Nc6 8.
c3 Be7 9. Ne3 Nd5 10. Bxe7 Ncxe7 11. Nd2 f5 12. Nxd5 Nxd5 13. Bc4 c6 14. f4 Kh8
15. Bxd5 Qxd5 16. Qe2 Be6 17. Nf1 c5 18. Ne3 Qd6 19. d5 Bd7 20. O-O b5 21. b3
a5 22. a4 b4 23. cxb4 cxb4 24. Rfd1 Rac8 25. Nc4 Qxf4 26. Qf2 Qxf2+ 27. Kxf2 f4
28. Rd4 e3+ 29. Ke1 g5 30. d6 Kg7 31. Rad1 Rf5 32. Rd5 Rxd5 33. Rxd5 h6 34.
Rxa5 Be6 35. Ra7+ Kf6 36. d7 Rd8 37. Nb6 Bxb3 38. Rc7 Be6 39. a5 b3 40. Rc5
Bxd7 41. Nxd7+ Rxd7 42. Rb5 Ra7 43. Ke2 b2 44. Kf3 Rxa5 45. Rxb2 Kf5 46. h3 h5
47. g4+ fxg3 48. Kxg3 Re5 49. Kf3 e2 50. Rxe2 Rxe2 51. Kxe2 Ke4 52. Kf2 Kf4 53.
Kg2 Ke3 54. Kg3 Ke2 55. h4 g4 56. Kg2 Ke3 57. Kg3 Ke4 58. Kg2 Kf4 59. Kf2 g3+
60. Kg2 Kg4 61. Kg1 Kxh4 62. Kg2 Kg4 63. Kg1 h4 64. Kg2 h3+ 65. Kf1 g2+ 66. Ke2
Kg3 67. Kd3 g1=Q 68. Kc4 Qf1+ 69. Kd5 Qf2 70. Kc6 h2 71. Kb5 h1=Q {Time forfeit
} 0-1

[Event "Rated Blitz game"]
[Site "?"]
[Date "2021.01.15"]
[Round "?"]
[White "RSUPE_MiRacLe"]
[Black "MatthewG-p4p"]
[Result "0-1"]
[WhiteElo "2672"]
[BlackElo "2716"]
[PlyCount "102"]
[EventDate "2021.??.??"]
[EventType "blitz"]

1. e4 e5 2. Nf3 d5 3. exd5 e4 4. Qe2 Nf6 5. d3 Qxd5 6. Nbd2 Nc6 7. dxe4 Qe6 8.
Qc4 Qg4 9. e5 Qxc4 10. Bxc4 Ng4 11. O-O Bf5 12. h3 Nh6 13. c3 Bg6 14. Nb3 Nf5
15. Bb5 O-O-O 16. Bxc6 bxc6 17. Nfd4 c5 18. Nxf5 Bxf5 19. Be3 c4 20. Nd4 Bd3
21. Rfd1 Kb7 22. b3 Ba3 23. bxc4 Bxc4 24. Rab1+ Ka8 25. Nc6 Rxd1+ 26. Rxd1 a6
27. Rd7 Rc8 28. Nb4 Be6 29. Rd2 a5 30. Nc6 a4 31. Rd4 Kb7 32. Nd8+ Kb8 33. Nxe6
fxe6 34. Rxa4 Be7 35. Rd4 Kb7 36. Rd7 Re8 37. a4 Kc6 38. Rd4 Ra8 39. Rc4+ Kb7
40. f4 h5 41. Kf2 g6 42. g3 Ra5 43. Kf3 c5 44. g4 Kc6 45. Ke4 Ra8 46. f5 gxf5+
47. gxf5 exf5+ 48. Kxf5 Kd5 49. Rf4 Rf8+ 50. Kg6 Rg8+ 51. Kxh5 Rg3 {Time
forfeit} 0-1

[Event "Rated Blitz game"]
[Site "?"]
[Date "2021.01.15"]
[Round "?"]
[White "Beginner143"]
[Black "DarthZannah"]
[Result "1-0"]
[WhiteElo "2503"]
[BlackElo "2435"]
[PlyCount "51"]
[EventDate "2021.??.??"]
[EventType "blitz"]

1. e4 e5 2. Nf3 d5 3. exd5 e4 4. Qe2 Nf6 5. d3 Qxd5 6. Nc3 Bb4 7. Nd2 Bxc3 8.
bxc3 O-O 9. dxe4 Qe5 10. Qe3 Re8 11. Bd3 Qxc3 12. Rb1 Nc6 13. Bb2 Qa5 14. Bxf6
gxf6 15. O-O Qg5 16. f4 Qh5 17. e5 fxe5 18. Ne4 Qh6 19. Qg3+ Kh8 20. Ng5 Re7
21. fxe5 Nxe5 22. Rbe1 f6 23. Rxe5 fxe5 24. Nf7+ Rxf7 25. Rxf7 Qc1+ 26. Bf1 {
Normal} 1-0

[Event "Rated Blitz game"]
[Site "?"]
[Date "2021.01.15"]
[Round "?"]
[White "wangyukun2000"]
[Black "pasha1984"]
[Result "1-0"]
[WhiteElo "2375"]
[BlackElo "2401"]
[PlyCount "31"]
[EventDate "2021.??.??"]
[EventType "blitz"]

1. e4 e5 2. Nf3 d5 3. Nxe5 dxe4 4. Bc4 Qg5 5. d4 Qxg2 6. Kd2 Qxf2+ 7. Kc3 Be6
8. Bxe6 fxe6 9. Rf1 Qxh2 10. Qg4 Nf6 11. Qxe6+ Be7 12. Qc8+ Bd8 13. Bf4 Qg2 14.
Nd2 Nc6 15. Qe6+ Ne7 16. Qf7# {Normal} 1-0

[Event "Rated Blitz game"]
[Site "?"]
[Date "2021.01.15"]
[Round "?"]
[White "Isthemoment"]
[Black "Tayota"]
[Result "1-0"]
[WhiteElo "2455"]
[BlackElo "2361"]
[PlyCount "55"]
[EventDate "2021.??.??"]
[EventType "blitz"]

1. e4 e5 2. Nf3 d5 3. exd5 e4 4. Nd4 c5 5. Nb3 f5 6. d3 Nf6 7. Nc3 Bd6 8. Bg5
O-O 9. dxe4 fxe4 10. Qd2 Bf5 11. O-O-O Nbd7 12. Rg1 a6 13. g4 Bg6 14. h4 h6 15.
Be3 Nh7 16. h5 Bf7 17. Nxe4 Be5 18. f4 Bd4 19. Nxd4 cxd4 20. Bxd4 Bxd5 21. Bxg7
Bxe4 22. Bxf8 Nhxf8 23. Bc4+ Kh7 24. g5 Rc8 25. g6+ Kg7 26. Qd4+ Qf6 27. Qxe4
Nb6 28. Bb3 {Normal} 1-0

[Event "Rated Blitz game"]
[Site "?"]
[Date "2021.01.15"]
[Round "?"]
[White "malcriado007"]
[Black "philip_simon_din"]
[Result "1-0"]
[WhiteElo "2400"]
[BlackElo "2333"]
[PlyCount "71"]
[EventDate "2021.??.??"]
[EventType "blitz"]

1. e4 e5 2. Nf3 d5 3. Nxe5 Qe7 4. d4 f6 5. Nd3 Nc6 6. c3 Bf5 7. Be2 Bxe4 8. f3
Bg6 9. O-O O-O-O 10. Nf4 Qd6 11. Na3 a6 12. Nd3 Nge7 13. Nc2 Nf5 14. Bf4 Qd7
15. b4 Bd6 16. Nc5 Qe7 17. Bd2 Rhe8 18. Re1 Qf7 19. a4 Nh4 20. Bf1 f5 21. Rxe8
Rxe8 22. Ne1 f4 23. Ned3 Re3 24. b5 axb5 25. axb5 Nb8 26. Ra8 Bxd3 27. Nxd3 Qg6
28. Bxe3 fxe3 29. Ne5 Bxe5 30. dxe5 Qg5 31. g3 Ng6 32. Qxd5 Nxe5 33. f4 c6 34.
Rxb8+ Kxb8 35. Qxe5+ Qxe5 36. fxe5 {Normal} 1-0

[Event "Rated Blitz game"]
[Site "?"]
[Date "2021.01.15"]
[Round "?"]
[White "jackspades"]
[Black "Evdokimov_Michael"]
[Result "1/2-1/2"]
[WhiteElo "2413"]
[BlackElo "2248"]
[PlyCount "157"]
[EventDate "2021.??.??"]
[EventType "blitz"]

1. e4 e5 2. Nf3 d5 3. d4 dxe4 4. Nxe5 Bd6 5. Bc4 Bxe5 6. Qh5 Qe7 7. Qxe5 Qxe5
8. dxe5 Nc6 9. Nc3 Nxe5 10. Bb3 Nf6 11. Bf4 Nc6 12. Nb5 O-O 13. Nxc7 Rb8 14.
O-O-O Bg4 15. Rd2 Rbd8 16. Bd6 e3 17. Rd3 exf2 18. Bxf8 Rxd3 19. cxd3 Be2 20.
Bc5 f1=Q+ 21. Rxf1 Bxf1 22. Ba4 Bxd3 23. Bxc6 bxc6 24. Bxa7 h5 25. Kd2 Be4 26.
g3 Ng4 27. h3 Ne5 28. Ke3 Bg2 29. h4 Nc4+ 30. Kf2 Be4 31. b3 Ne5 32. Ke3 Bb1
33. a4 Bc2 34. a5 Bxb3 35. Bb6 Nc4+ 36. Kd4 Nxa5 37. Bxa5 Bd1 38. Kc5 Bg4 39.
Kxc6 f6 40. Kd5 g5 41. Ke4 gxh4 42. gxh4 Kf7 43. Kf4 Kg6 44. Nd5 f5 45. Ne7+
Kf6 46. Nd5+ Kg6 47. Bc3 Bd1 48. Ne7+ Kf7 49. Nxf5 Kg6 50. Ng3 Bg4 51. Bd2 Bd1
52. Be3 Bg4 53. Ne4 Bd1 54. Ng5 Bg4 55. Ne6 Bd1 56. Nf8+ Kf7 57. Nd7 Kg6 58.
Ne5+ Kf6 59. Nd3 Kg6 60. Nf2 Kf6 61. Nxd1 Kg6 62. Nf2 Kh6 63. Kf5+ Kg7 64. Kg5
Kh7 65. Kxh5 Kg7 66. Kg5 Kh7 67. h5 Kg7 68. h6+ Kh7 69. Kh5 Kh8 70. Bd4+ Kg8
71. Kg6 Kf8 72. h7 Ke7 73. h8=Q Kd6 74. Qg8 Kc6 75. Ne4 Kb5 76. Qf7 Ka4 77. Qe6
Kb4 78. Qc4+ Ka3 79. Nf6 {Normal} 1/2-1/2